| Tag |
First Indicator |
Second Indicator |
Subfields |
| LEADER |
00000cam a2200000 i 4500 |
| 001 |
in00004446830 |
| 008 |
201116s2020 ii 000 0 eng d |
| 005 |
20250318220829.9 |
| 020 |
|
|
|a 9789353886868
|
| 020 |
|
|
|a 9353886864
|q paperback
|
| 020 |
|
|
|z 9789353886875 (ePub ebook)
|
| 035 |
|
|
|a (OCoLC)on1230560856
|
| 035 |
|
|
|a (OCoLC)1230560856
|
| 040 |
|
|
|a UKMGB
|b eng
|e rda
|c UKMGB
|d OCLCF
|d OCLCO
|d YDX
|d UtOrBLW
|
| 043 |
|
|
|a a-ii---
|
| 050 |
|
4 |
|a HG3284
|b .S33 2020
|
| 082 |
0 |
4 |
|a 332.10954
|2 23
|
| 100 |
1 |
|
|a Sabnavis, Madan,
|e author.
|0 http://id.loc.gov/authorities/names/nb2017020648
|
| 245 |
1 |
0 |
|a Hits and misses :
|b the Indian banking story /
|c Madan Sabnavis.
|
| 264 |
|
1 |
|a New Delhi, India ;
|a Los Angeles :
|b SAGE,
|c 2020.
|
| 300 |
|
|
|a xxvii, 269 pages ;
|c 22 cm
|
| 336 |
|
|
|a text
|b txt
|2 rdacontent
|
| 337 |
|
|
|a unmediated
|b n
|2 rdamedia
|
| 338 |
|
|
|a volume
|b nc
|2 rdacarrier
|
| 650 |
|
0 |
|a Banks and banking
|z India.
|0 http://id.loc.gov/authorities/subjects/sh2007101869
|
| 650 |
|
0 |
|a Banks and banking
|x Government policy
|z India.
|
| 650 |
|
7 |
|a Banks and banking.
|2 fast
|0 (OCoLC)fst00826867
|
| 650 |
|
7 |
|a Banks and banking
|x Government policy.
|2 fast
|0 (OCoLC)fst00826934
|
| 651 |
|
7 |
|a India.
|2 fast
|0 (OCoLC)fst01210276
|
| 776 |
0 |
8 |
|i ebook version :
|z 9789353886875
|
| 852 |
8 |
|
|b pda,print
|z This title is available for the library to purchase for your use. Click the "Purchase It For Me" button to place a request. This item may take 5-10 business days to arrive.
|
| 955 |
|
|
|a Print PDA title
|
| 999 |
f |
f |
|s ca5f9c80-c153-4e7a-9e5f-621843bc8214
|i 12cc2ce0-2cf8-3efd-942c-1663244a5f53
|t 0
|
| 952 |
f |
f |
|a Texas A&M University
|b College Station
|c Sterling C. Evans Library
|d Purchase on Demand
|t 0
|e HG3284 .S33 2020
|h Library of Congress classification
|
| 998 |
f |
f |
|a HG3284 .S33 2020
|t 0
|l Purchase on Demand
|